Možnosti terapeutického použitia laserov v korektívnej dermatológii

Bibliographic Details
Main Author: Bohunská, Soňa (Author)
Format: Article
Language:Slovak
PhysicalDescription:Res. angl., nem., lit. 23 zázn. v angl., češ.
Subjects:

MARC

LEADER 00000nab a2200000 a 4500
001 vtls000485862
003 SK-MaSNL
005 20260303160923.0
008 230223c1993 xo 0 slo
015 |a SNBRB19rr/mm-uuuuu 
035 |a CL0485999 
035 |a urn:nbn:sk:snk-abbu0 
035 |a (urnnbn)urn:nbn:sk:snk:ar-a056g9 
035 |a (uuid)1dc593ac-9494-4500-961b-d73e4001801f 
040 |a SNKBUCL  |b slo  |c SNKBUCL  |e AACR2 
041 0 |a slo 
044 |a xo  |c SK 
080 |a 615.5-08:616-7  |2 1981 
080 |a 616-7  |2 1981 
100 1 |a Bohunská, Soňa  |4 aut  |9 892963 
245 1 0 |a Možnosti terapeutického použitia laserov v korektívnej dermatológii  |c Soňa Bohunská 
300 |b Res. angl., nem., lit. 23 zázn. v angl., češ. 
650 0 7 |a lasery  |2 SNKPH  |9 13696 
650 0 7 |a korektívna dermatológia  |2 SNKPH  |9 93432 
655 7 |a články z novín a časopisov  |2 SNK  |9 267496 
773 0 |t Slovenský lekár  |g Roč. 3 (17), č. 5-6 (1993), s. 14-16 
850 |a Slovenská národná knižnica v Martine  |a MTA001 
852 |a SNK  |b KIS3GCP 
954 |a odborná, vedecká literatúra pôvodná (slovenská)  |2 lita 
958 |a NB 
958 |a RK 
958 |a ME 
958 |a OND 
958 |a EUIPO 
958 |a article27 
992 |a RBX 
999 |c 2047621  |d 2049551